Передача мощности электромагнитной волны в коаксиальном виркаторе; Информационные технологии в науке, управлении, социальной сфере и медицине

Podrobná bibliografie
Parent link:Информационные технологии в науке, управлении, социальной сфере и медицине.— 2015.— [С. 68-70]
Hlavní autor: Нгуен Мань Хынг
Korporativní autor: Национальный исследовательский Томский политехнический университет (ТПУ)
Shrnutí:Заглавие с титульного экрана
This paper presents the results of numerical researches of influence of the electrodynamics’ system vircator geometry and aperture on mode selection and transmission of electromagnetic waves energy and radiation power.
Jazyk:ruština
Vydáno: 2015
Edice:Моделирование в научных исследованиях
Témata:
On-line přístup:http://earchive.tpu.ru/handle/11683/17237
http://www.lib.tpu.ru/fulltext/c/2015/C24/029.pdf
Médium: Elektronický zdroj Kapitola
KOHA link:https://koha.lib.tpu.ru/cgi-bin/koha/opac-detail.pl?biblionumber=613764

MARC

LEADER 00000naa2a2200000 4500
001 613764
005 20231101132756.0
035 |a (RuTPU)RU\TPU\conf\11921 
035 |a RU\TPU\conf\11920 
090 |a 613764 
100 |a 20150831d2015 k y0rusy50 ca 
101 0 |a rus  |d eng 
102 |a RU 
105 |a y z 101zy 
135 |a drcn ---uucaa 
181 0 |a i  
182 0 |a b 
200 1 |a Передача мощности электромагнитной волны в коаксиальном виркаторе  |d Power transmission electromadnetic wave in coaxial vircators  |f Нгуен Мань Хынг 
203 |a Текст  |c электронный 
225 1 |a Моделирование в научных исследованиях 
230 |a 1 компьютерный файл (pdf; 479 Kb) 
300 |a Заглавие с титульного экрана 
320 |a [Библиогр.: с. 70 (5 назв.)] 
330 |a This paper presents the results of numerical researches of influence of the electrodynamics’ system vircator geometry and aperture on mode selection and transmission of electromagnetic waves energy and radiation power. 
337 |a Adobe Reader 
463 0 |0 (RuTPU)RU\TPU\conf\11725  |t Информационные технологии в науке, управлении, социальной сфере и медицине  |o сборник научных трудов II Международной конференции, 19-22 мая 2015 г., Томск  |f Национальный исследовательский Томский политехнический университет (ТПУ) ; ред. кол. О. Г. Берестнева [и др.]  |v [С. 68-70]  |d 2015 
510 1 |a Power transmission electromadnetic wave in coaxial vircators  |z rus 
610 1 |a труды учёных ТПУ 
610 1 |a электронный ресурс 
610 1 |a электромагнитные волны 
610 1 |a коаксиальные виркаторы 
610 1 |a электромагнитные излучения 
610 1 |a магнитное поле 
610 1 |a генераторы 
700 0 |a Нгуен Мань Хынг 
712 0 2 |a Национальный исследовательский Томский политехнический университет (ТПУ)  |c (2009- )  |2 stltpush  |3 (RuTPU)RU\TPU\col\15902 
801 2 |a RU  |b 63413507  |c 20210129  |g RCR 
856 4 |u http://earchive.tpu.ru/handle/11683/17237 
856 4 |u http://www.lib.tpu.ru/fulltext/c/2015/C24/029.pdf 
942 |c BK